K otázke variability v akademickom písaní

Autorka príspevku vychádza z vymedzenia štylistiky ako vedy o variabilite verbálnej komunikácie. V článku sa venuje problematike variability, a to v rovine žánrov, štýlov, ale aj konvencií a spôsobov interpretácie skutočnosti. Autorka porovnáva podobnosti a rozdiely v prototypoch akademického textu...

Full description

Saved in:
Bibliographic Details
Main Author: Rizeková, Iveta, 1961-
Format: Book Chapter
Language:Slovak
Subjects:
Tags: Add Tag
No Tags, Be the first to tag this record!

MARC

LEADER 00000naa$a2200000$$$4500
001 0263270
005 20240502074159.8
041 0 |a slo 
044 |a SK 
245 1 0 |a K otázke variability v akademickom písaní  |c Iveta Rizeková 
520 |a Autorka príspevku vychádza z vymedzenia štylistiky ako vedy o variabilite verbálnej komunikácie. V článku sa venuje problematike variability, a to v rovine žánrov, štýlov, ale aj konvencií a spôsobov interpretácie skutočnosti. Autorka porovnáva podobnosti a rozdiely v prototypoch akademického textu v odlišných kultúrnych spoločenstvách. 
610 2 0 |a písomníctvo 
610 2 0 |a konvencie 
610 2 0 |a diskusia 
610 2 0 |a štylistika 
610 2 0 |a jazyky cudzie 
100 1 |a Rizeková, Iveta, 1961-